Movies Quiz

Random Movies or Clickable Quiz
Score 0/24 Timer 05:00
0 Plays Today
% Correct
And flapping heads so full of lies
91.1%
He tells me to f*@k myself
88.6%
Our kids are getting worse!
87.3%
They just want to fart and curse!
87%
Or blame society?
85.6%
Had my picture on his shelf
84.6%
Should we blame the fire?
84.3%
Since Canada came along
83.5%
And that bitch Anne Murray, too!
83.2%
And now he's off to join the Klan!
82.7%
On a barbecue
81.8%
Heck no! Blame Canada! Blame Canada!
81.6%
% Correct
Of blaming US!
81.3%
Must all be undone
79.1%
It's Canada's fault!
77.5%
Rich and true
76.4%
Blame Canada!
75.1%
No! Blame Canada! Blame Canada!
73.4%
Blame Canada! Blame Canada!
72.6%
They're not even a real country, anyway
71.8%
For my son, Stan
71.5%
The trash we must bash
70.2%
And cause a fuss
68.6%
Shame on Canada!
64.5%

You're not logged in!

Compare scores with friends on all Sporcle quizzes.
OR
Log In

Sporcle TV

Today on Sporcle TV


Watch our educational content, quiz creation guides, and fun videos on Sporcle TV.

Show Comments

Extras

Top Quizzes Today


Score Distribution

Paid Content

Your Account Isn't Verified!

In order to create a playlist on Sporcle, you need to verify the email address you used during registration. Go to your Sporcle Settings to finish the process.

Report this User

Report this user for behavior that violates our Community Guidelines.

Details: